000 00376nam a2200157Ia 4500
008 240729s9999 xx 000 0 und d
022 _a2673-7256
245 0 _aPhotochem
260 _aSwitzerland
260 _bMDPI AG
650 _a Chemistry
650 _aScience
856 _uhttps://doaj.org/toc/1149e055b75e41e58a82a57dbd2d4075
942 _2ddc
942 _cDOAJEJ
999 _c68467
_d68467
945 _a1
_bMadushi Gamage
_c1
_dMadushi Gamage